Strojové spracovanie katalógov a registrov zborník zo seminára konaného 20.-23.4.1976 vo Vysokých Tatrách

Guardado en:
Detalles Bibliográficos
Autor Corporativo: Strojové spracovanie katalógov a registrov. Seminár
Otros Autores: Kimlička, Štefan
Formato: Libro
Lenguaje:eslovaco
Publicado: Bratislava Zväz slovenských knihovníkov a informatikov 1976
Materias:
Etiquetas: Agregar Etiqueta
Sin Etiquetas, Sea el primero en etiquetar este registro!

MARC

LEADER 00000nam$a2200000$$$4500
001 0092378
005 20221207103852.9
041 0 |a slo 
044 |a SK 
245 1 0 |a Strojové spracovanie katalógov a registrov  |b zborník zo seminára konaného 20.-23.4.1976 vo Vysokých Tatrách  |c zodpovedný redaktor: Štefan Kimlička 
264 1 |a Bratislava  |b Zväz slovenských knihovníkov a informatikov  |c 1976 
300 |a 279 s. 
610 2 0 |a knižnice 
610 2 0 |a katalógy knižničné 
610 2 0 |a registre 
610 2 0 |a spracovanie dát 
700 1 |a Kimlička, Štefan 
110 2 |a Strojové spracovanie katalógov a registrov. Seminár